Guess the Milwaukee Bucks by Picture - Hard - Statistics

General Stats
  • This quiz has been taken 20 times
  • The average score is 7 of 20
Answer Stats
Picture Answer % Correct
Pat Connaughton
95%
George Hill
79%
MarJon Beauchamp
74%
A.J. Green
68%
Serge Ibaka
63%
Jeff Teague
58%
Jordan Nwora
53%
Michael Carter-Williams
53%
Sterling Brown
42%
Steve Novak
32%
Greivis Vasquez
26%
Earl Boykins
21%
Semi Ojeleye
11%
Brian Skinner
5%
Marquis Daniels
5%
Rayjon Tucker
5%
Darington Hobson
0%
Francisco Elson
0%
Jaylen Morris
0%
Keyon Dooling
0%
No matching quizzes found
Score Distribution
Percent of People with Each Score
Percentile by Number Answered
Your Score History
You have not taken this quiz